=LDR 00000nam 2200000 4500 =001 INLIS000000000012849 =005 20130612104330 =008 ***********************************Ind** =035 ##$$0010-061300000012849 =041 ##$$a Ind =082 ##$$a 659.2 =090 ##$$a 659.2, Aus p =100 ##$$a Ausrian, Claire =245 ##$$a Public relatinus yang sukteks dalam sepekan, Claire Austian ; Penerjemah, Anton Adwijayato =260 ##$$a 2002 $b Jakarta =300 ##$$a 102 hlm., Ilus, 20 cm =650 ##$$a Hubungan Masyarakat =700 ##$$a Adiwiyanto, Anton =850 ##$$a NBPNMAT